000 01000cam a22004452 4500
001 0000025203
003
005 20151217154515.0
008 150305s xx 000 0 eng d
010 _a
020 _a0072426179 :
_c
040 _aKABU
_cKABU
041 1 _a
_b
_h
100 1 _aDiyanni, Robert,
_d
_@0000185671
240 1 _a
245 1 0 _aLiterature :
_bReading Fiction, Poetry and Drama /
_c
246 3 _a
250 _a5th ed.
260 _aBoston :
_bMcGrawHill,
_c
300 _a xxxiii, 2211 p. :
_bill. ;
_c2002.
440 0 _a
500 _a
504 _a
505 0 _a
520 _a
521 2 _a
590 _a
591 _a
_b
600 1 0 _a
_d
610 2 0 _a
_b
650 0 _aLiterature
_x
_@0000185672
650 0 _aLiterature
_xCollections.
_@0000169522
651 0 _a
_x
690 _a
700 1 _aRobert Diyanni,
_d
_@0000185673
710 2 _a
_b
740 0 2 _a
908 _a150305
999 _c11632
_d11632